A house in the city : (Record no. 353933)

000 -LEADER
fixed length control field 01846nam a2200277 a 4500
001 - CONTROL NUMBER
control field ASIN1859464521
003 - CONTROL NUMBER IDENTIFIER
control field OSt
005 - DATE AND TIME OF LATEST TRANSACTION
control field 20180116192422.0
008 - FIXED-LENGTH DATA ELEMENTS--GENERAL INFORMATION
fixed length control field 140407s2012 xxu eng d
020 ## - INTERNATIONAL STANDARD BOOK NUMBER
International Standard Book Number 1859464521 (paperback)
Terms of availability $47.95
020 ## - INTERNATIONAL STANDARD BOOK NUMBER
International Standard Book Number 9781859464526 (paperback)
040 ## - CATALOGING SOURCE
Transcribing agency sada
050 04 - LIBRARY OF CONGRESS CALL NUMBER
Classification number NA9000-9284
082 04 - DEWEY DECIMAL CLASSIFICATION NUMBER
Classification number 711
100 1# - MAIN ENTRY--PERSONAL NAME
Personal name Dalziel, Robert.
9 (RLIN) 7487
245 12 - TITLE STATEMENT
Title A house in the city :
Remainder of title home truths in urban architecture /
Statement of responsibility, etc. Robert Dalziel, Sheila Qureshi.
260 ## - PUBLICATION, DISTRIBUTION, ETC.
Place of publication, distribution, etc. [S.l.] :
Name of publisher, distributor, etc. RIBA Publishing,
Date of publication, distribution, etc. 2012.
300 ## - PHYSICAL DESCRIPTION
Extent 136 p. ;
Dimensions 24 cm.
520 ## - SUMMARY, ETC.
Summary, etc. What makes a great house in the city? This title examines what has worked well in some of the most successful housing types throughout the world – from old to new, high rise to low rise, innovative to conventional. Alongside editor Tim Battle, authors Robert Dalziel and Sheila Qureshi critically examine what they believe are the most significant elements of urban housing design: adaptability and flexibility, construction and sustainability, space and light, appearance and threshold, and density and urban form. A House in the City concludes by proposing a pioneering approach to the town house: incorporating insights from these most important elements of urban housing, culminating in an aesthetically-pleasing family home that can adapt to changing needs. Illustrated with aerial views, plans, sections and photographs, A House in the City will be of use to all who strive to deliver high quality urban housing for the 21st century, including architects, planners and developers.
650 #0 - SUBJECT ADDED ENTRY--TOPICAL TERM
Topical term or geographic name entry element Architecture
9 (RLIN) 7488
650 #0 - SUBJECT ADDED ENTRY--TOPICAL TERM
Topical term or geographic name entry element Architecture, Domestic
9 (RLIN) 7489
650 #0 - SUBJECT ADDED ENTRY--TOPICAL TERM
Topical term or geographic name entry element City planning
9 (RLIN) 7490
700 1# - ADDED ENTRY--PERSONAL NAME
Personal name Qureshi, Sheila.
9 (RLIN) 7491
856 40 - ELECTRONIC LOCATION AND ACCESS
Materials specified Amazon.com
Uniform Resource Identifier <a href="http://www.amazon.com/exec/obidos/ASIN/1859464521/chopaconline-20">http://www.amazon.com/exec/obidos/ASIN/1859464521/chopaconline-20</a>
942 ## - ADDED ENTRY ELEMENTS (KOHA)
Source of classification or shelving scheme
Koha item type Book
Holdings
Withdrawn status Lost status Source of classification or shelving scheme Damaged status Not for loan Permanent Location Current Location Date acquired Total Checkouts Full call number Barcode Date last seen Cost, replacement price Price effective from Koha item type
          School of Art Design and Architecture (SADA) School of Art Design and Architecture (SADA) 04/04/2014   711 DAL 2012 SADA0002262 01/05/2017 4656.74 01/05/2017 Book
© 2023 Central Library, National University of Sciences and Technology. All Rights Reserved.